An anatomy of public policy implementation : the case of decentralization policies in Ghana /

Bibliographic Details
Main Author: Ayee, Joseph R. A., 1952-
Format: Book
Language:English
Published: Aldershot, England : Brookfield, Vt. : Avebury ; Ashgate, [1994]
Series:Making of modern Africa.
Subjects:

MARC

Tag First Indicator Second Indicator Subfields
LEADER 00000cam a2200000 a 4500
001 in00001335021
005 20151005093916.0
008 940808s1994 enk b 000 0 eng
010 |a  94034573  
015 |a GB94-95040 
019 |a 31657550 
020 |a 1856289575 :  |c $62.00 (U.S. : est.) 
035 |a (OCoLC)31045543 
035 |9 AHE6433AM 
040 |a DLC  |c DLC  |d UKM  |d TXA  |d UtOrBLW 
043 |a f-gh--- 
049 |a TXAM 
050 0 0 |a JS7655.3.A3  |b A93 1994 
082 0 0 |a 320/.6/09667  |2 20 
100 1 |a Ayee, Joseph R. A.,  |d 1952- 
245 1 3 |a An anatomy of public policy implementation :  |b the case of decentralization policies in Ghana /  |c Joseph R.A. Ayee. 
264 1 |a Aldershot, England :  |b Avebury ;  |a Brookfield, Vt. :  |b Ashgate,  |c [1994] 
264 4 |c ©1994 
300 |a xii, 244 pages ;  |c 23 cm. 
336 |a text  |b txt  |2 rdacontent 
337 |a unmediated  |b n  |2 rdamedia 
338 |a volume  |b nc  |2 rdacarrier 
490 1 |a The making of modern Africa 
500 |a Revision of the author's thesis (Ph. D.)--Hebrew University of Jerusalem, 1991. 
504 |a Includes bibliographical references (pages 222-244). 
541 0 |a Donated by Virginia and James Wiley '46 for the Jayne and William Mobley Collection in Presidential Studies. 
650 0 |a Decentralization in government  |z Ghana  |x History. 
651 0 |a Ghana  |x Politics and government. 
830 0 |a Making of modern Africa. 
999 |a MARS 
999 f f |s 135536c6-384d-3261-9cb4-8d9f92b8bf1b  |i 34a86e72-54fd-37e2-8121-9f6bf2ce9232  |t 0 
952 f f |p ric  |a Texas A&M University  |b Rellis Campus  |c Joint Library Facility  |d Remote Storage  |t 0  |e JS7655.3.A3 A93 1994  |h Library of Congress classification  |i unmediated -- volume  |m A14821051534 
998 f f |a JS7655.3.A3 A93 1994  |t 0  |l Remote Storage